GST Tariff/ (Record no. 202296)

MARC details
000 -LEADER
fixed length control field 00474nam a22001697a 4500
005 - DATE AND TIME OF LATEST TRANSACTION
control field 20240514123600.0
010 ## - LCCN (DPL NO)
LC control number ENG-140222
020 ## - INTERNATIONAL STANDARD BOOK NUMBER
Terms of availability 775.00
International Standard Book Number 9789386482754
035 ## - SYSTEM CONTROL NUMBER
System control number EN-123754
037 ## - SOURCE OF ACQUISITION
Source of stock number/acquisition DBAD
082 ## - DEWEY DECIMAL CLASSIFICATION NUMBER
Classification number 336.271
245 ## - TITLE STATEMENT
Title GST Tariff/
260 ## - PUBLICATION, DISTRIBUTION, ETC. (IMPRINT)
Place of publication, distribution, etc New Delhi
Name of publisher, distributor, etc Taxmann Publications (P.) Ltd.
Date of publication, distribution, etc 2017
270 ## - ADDRESS
Address 59/32, New Rohtak Road, New Delhi
City Delhi
Postal code 110005
300 ## - PHYSICAL DESCRIPTION
Extent 684p.
Dimensions 24cm(pb)
942 ## - ADDED ENTRY ELEMENTS (KOHA)
Source of classification or shelving scheme Dewey Decimal Classification
Item type English Books
Call number suffix GST
Classification part 336.271
Holdings
Withdrawn status Lost status Not for loan Collection code Home library Current library Date acquired Source of acquisition Cost, normal purchase price Full call number Barcode Copy number Cost, replacement price Koha item type
      Non-fiction Ashok Vihar Ashok Vihar 19/04/2024 DBAD 775.00 GST 336.271 EN-123754 1 775.00 English Books

© Delhi Public Library
Hit Counter
free hit counter